000 00672nam a2200205Ii 4500
003 JO-AjNU
008 230605s9999||||xx |||||||||||||| ||und||
017 _a1989/284
040 _aJO-AjNU
_bara
_erda
_cJO-AjNU
041 _aara
050 1 4 _aBP137.5.I2.B3232 1989
100 3 _aالبدري، جمال عبد الرزاق,
_eauthor
_915270
245 0 0 _aنبي العراق و العرب
264 3 1 _aبغداد: د.ن، 1989
300 _a81ص
336 _atext
_btxt
_2rdacontent
337 _aunmediated
_bn
_2rdamedia
338 _avolume
_bnc
_2rdacarrier
650 4 _aقصص الأنبياء- ابراهيم عليه السلام- القرآن- قصص
_915271
999 _aA4272
_c7840
_d7840